| 000 | 00382nam a2200157Ia 4500 | ||
|---|---|---|---|
| 005 | 20250325041440.0 | ||
| 008 | 240331s9999 xx 000 0 und d | ||
| 020 | _a9788189912949 | ||
| 082 |
_bMUT _a894 |
||
| 100 | _aMuttulingam,A | ||
| 245 | 0 | _aUnami kalantha naatkurippukal | |
| 260 |
_aChennai _bUyirmai Pathippagam _c2008 |
||
| 300 | _a287 p ., | ||
| 650 | _aNovel | ||
| 942 | _cL | ||
| 999 |
_c4289 _d4289 |
||